| 000 | 00969nam a2200277Ia 4500 | ||
|---|---|---|---|
| 005 | 20220316235346.0 | ||
| 008 | 121119s2002 ck a gr 000 d spa | ||
| 020 | _a9583004219 | ||
| 041 | 1 | _aspa | |
| 100 | 0 |
_aEsquilo _d525 a.C.-456 a.C |
|
| 245 | 1 | 0 |
_aTragedias completas _cEsquilo ; traducción de Fernando S. Brieva Salvatierra |
| 250 | _aTercera reimpresión | ||
| 264 | 1 |
_aBogotá _bPanamericana _c2002 |
|
| 300 |
_a279 páginas _bilustraciones _c21 cm. |
||
| 336 |
_atexto _btxt _2rdacontent |
||
| 337 |
_asin mediación _bn _2rdamedia |
||
| 338 |
_avolumen _bnc _2rdacarrier |
||
| 490 | 0 | _aTeatro | |
| 505 | 2 | _a1.Prometeo encadenado -- 2.Los siete sobre Tebas -- 3.La Orestíada, trilogía trágica -- 4.Las Suplicantes ; Los persas | |
| 650 | 1 | 4 |
_aTeatro griego _2LEMB |
| 650 | 1 | 4 |
_aTragedia griega _2LEMB |
| 700 | 1 |
_aBrieva Salvatierra, Fernando S _etraductor _964788 |
|
| 942 |
_2loc _cBKLIT |
||
| 040 |
_aCO-BoRNBP _bspa _erda _cCO-BoRNBP |
||
| 084 | _aT ESQ1 | ||
| 999 |
_c718 _d718 |
||